00973cam a22002297a 4500001000800000005001700008008004100025010001700066020001500083040001800098050002200116082001900138245020100157260005500358300003900413650001700452650002600469710008900495942001200584999001700596952013000613292869319920805150149.1890817s1989 dcuab 000 0 eng  a 89062967  a0309040957 aDLCcDLCdDLC00aMLCM 92/11618 (T) 222a628.3bCON00aContaminated marine sediments :bassessment and remediation /cCommittee on Contaminated Marine Sediments, Marine Board, Commission on Engineering and Technical Systems, National Research Council. aWashington, D.C. :bNational Academy Press,c1989. axi, 493 p. :bill., maps ;c28 cm. 97937aSewage 97938aWater pollution2 aNational Research Council (U.S.).bCommittee on Contaminated Marine Sediments.97939 2ddccBB c12318d12318 00102ddc40708AlahramaMAINbMAINc1STd2009-07-09epurchaseg170.90h72l0o628.3 CONp000017426r2025-07-15 00:00:00yBB